000 01349cam a2200361 i 4500
001 xx001241374
003 NUKAT
005 20260425212556.0
008 081126s1934 pl |000 0 pol c
035 _a(OCoLC)297814763
035 _a(NUKAT)xx001241374
040 _aWA U/76EBA
_cWA U/EBA
_dWA U/DP
_dGD PAN/BM
100 1 _aLepszy, Kazimierz
_d(1904-1964).
_96941
245 1 0 _aStrażnicy morza Stefana Batorego /
_cKazimierz Lepszy.
260 _aGdańsk :
_bnakładem Towarzystwa Przyjaciół Nauki i Sztuki,
_c1934
_e(Gdańsk :
_fDrukarnia Gdańska).
300 _a42, [1] s. ;
_c23 cm.
336 _aTekst
_btxt
_2rdacontent
337 _aBez urządzenia pośredniczącego
_bn
_2rdamedia
338 _aWolumin
_bnc
_2rdacarrier
380 _aArtykuły
500 _aOdb.: Rocznik Gdański, t. 7, 1933.
600 0 7 _aStefan Batory
_c(król Polski ;
_d1533-1586)
_2DBN
_940307
600 0 7 _aStefan Batory
_c(król Polski ;
_d1533-1586)
_xi Gdańsk.
_2kaba
_940532
648 7 _a1501-1600
_2DBN
_936032
650 7 _aMarynarka wojenna
_2DBN
_940533
651 7 _aPolska
_2DBN
_935076
651 7 _aPomorze Gdańskie (Polska ; region)
_y16 w.
_2kaba
_940534
651 7 _aPomorze (region)
_y16 w.
_2kaba
_940535
655 7 _aNadbitki i odbitki
_2DBN
_938727
658 _aBezpieczeństwo i wojskowość
658 _aHistoria
942 _2ddc
_cBK_NM
999 _c27771
_d27771